Music Quiz

Random Music or Canada Quiz

Pick the right Simple Plan member Quiz Stats

 Plays Quiz not verified by Sporcle

Score 0/5 Timer 02:00
1 Play Today
% Correct
Pierre Bouvier
95.6%
Jeff Stinco
91.2%
Chuck Comeau
90.4%
S├ębastien Lefebvre
87.5%
David Desrosiers
84.6%

You're not logged in!

Compare scores with friends on all Sporcle quizzes.
OR
Log In

Sporcle TV

Today on Sporcle TV


Watch our educational content, quiz creation guides, and fun videos on Sporcle TV.

Show Comments

Extras

Top Quizzes Today


Score Distribution

Your Account Isn't Verified!

In order to create a playlist on Sporcle, you need to verify the email address you used during registration. Go to your Sporcle Settings to finish the process.

Report this User

Report this user for behavior that violates our Community Guidelines.

Details: